Sistematización del proceso metodológico desarrollado para la lectura del contexto en el proyecto (Registro nro. 4964)

Detalles MARC
000 -CABECERA
Campo de control 01768nam a22003137a 4500
005 - FECHA Y HORA DE LA ULTIMA TRANSACCION
Campo de control 20200104041555.0
008 - ELEMENTOS DE LONGITUD FIJA—INFORMACION GENERAL
Campo de control 130806b2005 ck ||||| |||| 00| 0 spa d
040 ## - FUENTE DE CATALOGACIÓN
Agencia transcriptora CO-BoIH
041 ## - IDIOMA
Código de idioma para texto/pista de sonido o título separado Español
044 ## - PAÍS DE PUBLICACIÓN
País de publicación Colombia
090 ## - CLASIFICACIÓN LOCAL
Colección IAVH
Consecutivo 00483
110 ## - ASIENTO PRINCIPAL--NOMBRE CORPORATIVO
Unidad subordinad Instituto de Investigación de Recursos Biológicos Alexander von Humboldt
245 ## - MENCION DE TITULO
Título Sistematización del proceso metodológico desarrollado para la lectura del contexto en el proyecto
Parte restante del título educación ambiental y biodiversidad
260 ## - PUBLICACION, DISTRIBUCION, ETC. (PIE DE IMPRENTA)
Lugar de publicación, distribución, etc. Bogotá
Nombre del editor, distribuidor, etc. Instituto Alexander von Humboldt
Fecha de publicación, distribución, etc. 2005
300 ## - DESCRIPCION FISICA
Extensión 126 p.
500 ## - NOTA GENERAL
Nota general Estrategia de educación ambiental y biodiversidad del proyecto Andes
520 ## - NOTA DE RESUMEN, ETC.
Nota de resumen La sistematización busca: reconstruir el proceso y reflexionar sobre él, desde lo conceptual y metodológico, seguido por la lectura del contexto, para consolidar el primer componente de construcción de la estrategia de Educación Ambiental y Biodiversidad del IAvH; dar a conocer el proceso metodológico construido en la lectura de contexto, que consolida el primer componente de esa estrategia; divulgar las experiencias más significativas del proceso de fortalecimiento de los PRAE de las instituciones educativas participantes en el proyecto de Educación Ambiental y Biodiversidad en los departamentos de Quindío y Antioquia
650 ## - ASIENTO SECUNDARIO DE MATERIA - TERMINO TEMATICO
Término temático o nombre geográfico como elemento de entrada Sistematización
650 ## - ASIENTO SECUNDARIO DE MATERIA - TERMINO TEMATICO
Término temático o nombre geográfico como elemento de entrada Lectura de contexto
650 ## - ASIENTO SECUNDARIO DE MATERIA - TERMINO TEMATICO
Término temático o nombre geográfico como elemento de entrada Educación ambiental
650 ## - ASIENTO SECUNDARIO DE MATERIA - TERMINO TEMATICO
Término temático o nombre geográfico como elemento de entrada Biodiversidad
700 ## - ASIENTO SECUNDARIO - NOMBRE PERSONAL
Nombre personal Botero-Londoño, Liliana María
Término de relación Coord
700 ## - ASIENTO SECUNDARIO - NOMBRE PERSONAL
Nombre personal Echeverry-Munera, Marta Cecilia
700 ## - ASIENTO SECUNDARIO - NOMBRE PERSONAL
Nombre personal Toro de Villa, Ana Lucía
700 ## - ASIENTO SECUNDARIO - NOMBRE PERSONAL
Nombre personal Parra, Luz Helena
700 ## - ASIENTO SECUNDARIO - NOMBRE PERSONAL
Nombre personal Niño, Mónica María
942 ## - ELEMENTOS ADICIONALES (KOHA)
Tipo de ítem Informe Técnico
Sistema de clasificación Library of Congress Classification
945 ## - PROCESAMIENTO LOCAL
AAAA-MM-DD - Fecha de ingreso o modificacion 2005-12-12
Existencias
Withdrawn status Lost status Sistema de Clasificación Damaged status No para préstamo Colección Inventariado Ubicación Permanente Ubicación actual Fecha de adquisición Total Checkouts Número topográfico Inventario / Código de Barras Date last seen Ejemplar Price effective from Forma de adquisición Tipo de material
    Local     Humboldt Inventariado 2017 Bogotá Bogotá 12/12/2005   IAVH-00483 058309 09/08/2024 Ej.1 04/12/2012   Informe Técnico